000
00328nam a22001457a 4500
008
210308b ||||| |||| 00| 0 eng d
020
_a
3774258244
041
_a
eng
080
_a
612.39
082
_a
612.39
100
_a
10
101
_a
NUT
245
_a
Kochen Das Grose Grundkochbuch heute
_c
Wolter, A
942
_2
udc
_c
BK
999
_c
55956
_d
55956